Every PvZ Heroes imp - Statistics

General Stats
  • This quiz has been taken 6 times
  • The average score is 15 of 29
Answer Stats
Imps % Correct
Imp
100%
fishy imp
80%
gargantuar throwing imp
80%
imp commander
80%
imp throwing imp
80%
mini ninja
80%
Toxic waste imp
80%
Walrus rider
80%
Blowgun imp
60%
cosmic imp
60%
Impfinity clone
60%
imposter
60%
kangaroo rider
60%
stealthy imp
60%
copter commando
40%
exploding imp
40%
hot dog imp
40%
leprechaun imp
40%
neutron imp
40%
space cowboy
40%
stupid cupid
40%
swabbie imp
40%
turkey rider
40%
Ancient vimpire
20%
cakesplosion
20%
loose cannon
20%
loudmouth
20%
team mascot
20%
Vimpire
20%
No matching quizzes found
Score Distribution
Percent of People with Each Score
Percentile by Number Answered
Your Score History
You have not taken this quiz